Quizzes
Events
Quiz Creation
Community
Videos
Private Events
Remove Ads
Sign In
Join for FREE
Feedback
Dark Mode
Quiz Categories
Sports
Geography
Music
Movies
Television
Just For Fun
Miscellaneous
History
Literature
Language
Science
Gaming
Entertainment
Religion
Holiday
For Kids
Quiz Lab
Recent
Popular Today
Quiz Kudos Today
Editor Picks
Curator Picks
Quizzes by...
Day
Popularity
Type
Ratings
Length
Year
Community
Subscriptions
Recent Discussions
Orange Saloon
Badges
Playlists
Quests
Create
Leaderboards
Showdown
Live 5
Trivia Bingo
Activity
Puzzle Library
Sporcle Events
Private Events
Virtual Trivia
Globe League
Become a Host
Pub Owners
SporcleCon
Opinionation
Our Games
Videos
Blog
Mobile Apps
Partnerships
Remove Ads and Go Orange
Feedback
Sports
Athletes
MLB
NBA
NHL
NFL
Soccer
Sports Teams
WWE
NCAA
Football
Premier League
Basketball
Baseball
Hockey
Golf
Tennis
Cricket
Rugby
Auto Racing
Olympics
World Cup
Sports
Athletes
MLB
NBA
NHL
NFL
Soccer
Sports Teams
WWE
NCAA
Football
Premier League
Basketball
Baseball
Hockey
Golf
Tennis
Cricket
Rugby
Auto Racing
Olympics
World Cup
Random Quiz
Search Sporcle
×
Quiz Lab
Quiz Lab
Sports
2000
Type in answers that appear in a list
Type in answers that appear in a list
Classic
Best Score? Go Orange.
Pittsburgh Pirates SP of 2000's Stats
Can you name the Pittsburgh Pirates starters of 2000's?
By
jzala5
15m
58 Questions
344 Plays
344 Plays
344 Plays
Comments
Comments
Give Quiz Kudos
Give Quiz Kudos
-
- Ratings
hide this ad
Replay
Link that replays current quiz
Next Quiz
Link to next quiz in quiz playlist
You Got
0%
They Got
Avg Score
36%
Avg Friend Score
Upgrade to see
Score Distribution
Jump to the score distribution portion of the page
Score
0/58
Timer
15:00
0
Plays Today
Games
Name
% Correct
143
Zach Duke
95.3%
140
Paul Maholm
94.2%
128
Kip Wells
80.2%
116
Ian Snell
77.3%
95
Kris Benson
75%
119
Josh Fogg
74.7%
70
Oliver Perez
70.3%
37
Ross Ohlendorf
70.3%
28
Jeff Karstens
68.3%
25
Jason Schmidt
67.4%
65
Tom Gorzelanny
61.3%
28
Charlie Morton
60.5%
58
Dave Williams
59.9%
62
Todd Ritchie
56.1%
16
Matt Morris
54.4%
17
Francisco Cordova
54.1%
2
Brad Lincoln
51.5%
85
Jimmy Anderson
50.6%
33
Ryan Vogelsong
49.4%
21
Jeff Suppan
49.4%
13
Sean Burnett
46.2%
3
Brian Bullington
45.3%
9
Daniel McCutchen
43.6%
21
Salomon Torres
39.8%
7
Ron Villone
39.5%
29
Bronson Arroyo
39%
29
Jeff D'Amico
38.4%
30
Marc Redman
32%
4
Ramon Martinez
30.2%
Games
Name
% Correct
15
Tony Armas
29.9%
7
Brian Burres
29.4%
10
Kevin Hart
29.1%
19
Jose Silva
27.6%
23
Joe Beimel
25.6%
19
John Van Benschoten
21.5%
11
Phil Dumatrait
20.9%
7
Brian Meadows
20.9%
4
Jason Davis
20.9%
12
Omar Olivares
20.6%
1
Sean Lowe
20.3%
5
Yoslan Herrera
20.1%
19
Victor Santos
18.9%
1
Dana Eveland
17.2%
13
Shawn Chacon
16.6%
7
Virgil Vasquez
16%
1
Terry Mulholland
15.4%
12
Tony McKnight
12.5%
11
Shane Youman
10.2%
6
Nelson Figueroa
9.6%
1
Ty Taubenheim
9.6%
1
Pat Mahomes
9%
11
Dan Serafini
5.2%
3
Jimmy Barthmaier
5.2%
1
Brian O'Connor
5.2%
1
Frank Brooks
4.7%
2
Marty McLeary
3.5%
4
Don Wengert
3.2%
2
Jose Parra
1.7%
Quiz Playlist
Details
Report
Send in Message
Add To Playlist
Classic:
Type in answers that appear in a list
Last Updated: Feb 16, 2017
Quiz Scoreboard
CHALLENGE
Sign Up to Join the Scoreboard
Show All
Scores
Hide
Comments
May contain spoilers
Recently Published
Presidents Visiting Landmarks
by Hejman
History
7m
An Introduction to Baseball
by treessimontrees
Sports
5m
Movies - When Are They Set?
by FPL_Elf
Movies
5m
More to Explore
Quiz From the Vault
Featured Blog Post
Where Did the Easter Bunny Come From?
hide this ad
You Might Also Like...
Tags
2000
pirate
Pitched
pittsburgh
Pittsburgh Pirates
Starter
Today's Top Quizzes in Sports
Browse Sports
hide this ad
Today's Top Quizzes in 2000
Browse 2000
Top Contributed Quizzes in Sports
1
Les meilleurs buteurs des matchs entre le PSG et l’OM
2
2022 World Cup Stars
3
FIFA Club World Cup Champions
4
Les entraîneurs de l'OM et du PSG au 21e siècle
5
Name the Premier League winners with different clubs
6
5-to-1: UK Sports Teams
7
La finale Lions - Afrique du Sud 2021
8
Criteria MLB: Left Handed Sluggers
9
AFC Teams Reveal (Wrong Answers Minefield)
10
England Test cricketers to play under Nasser Hussain
Explore More
Trending Topics
NBA
Crossword
Kpop
Marvel
Disney
Anime
Harry Potter
Puzzle
Song
WWE
The Office
Country
Pokémon
NFL
Soccer
hide this ad
More By:
jzala5
Quiz
Plays
Rating
Category
Featured
Created
Pittsburgh Steelers rushing yards 2000s
472
4.00
Sports
Jun 15, 2010
Pittsburgh Pirates SP of 2000's
344
5.00
Sports
Jun 15, 2010
Pittsburgh Pirates Players during 20 year losing streak
218
5.00
Sports
Dec 30, 2012
Pittsburgh Pirates Pitchers during 20 yr losing streak
199
5.00
Sports
Dec 30, 2012
Go to Creator's Profile
Score Distribution
Quiz Creator Spotlight
jzala5
Follow
Send a Message
Quizzes Created
-
Created Quiz Play Count
-
More By This Creator
Popular Quizzes Today
1
Find the US States - No Outlines Minefield
2
Find the Countries of Europe - No Outlines Minefield
3
The Countries of the World
4
Find the US States
5
Popular People in 1961
6
US States
7
Risky Map Clicking: Biggest States A-Z
8
Movies - When Are They Set?
More Sports Quizzes
Guess the English Retro Football (Soccer) Jersey
Editor's Pick
Trending Quizzes
Risky Map Clicking: Least Populous States A-Z
1-10 Letter G Words
1-10 Letter F Words
Risky Map Clicking: Next State Alphabetically
Risky Map Clicking: Biggest States A-Z
Recently Updated
Leaping Animals
pecheneg
Reality TV Shows (A-Z)
bhenderson79
Rickey Henderson's Hall of Fame Teammates
pecheneg
Champions League XIs: Arsenal
pecheneg
Quick Pick: Celebrities in WWE's Hall of Fame
aduchscher
A-Z Keypad Blitz II
pecheneg
Multiple Oscar Actors
pecheneg
Mystery Phrase Blitz: Oscar 'Best Actors'
pecheneg
F. Scott Fitzgerald Novels
LTH
Pick 3 Villains
ddd62291
Trending Topics
Harry Potter
Kpop
Disney
NBA
Anime
Marvel
Crossword
NFL
Song
Puzzle
WWE
Country
The Office
Pokémon
Soccer
Your Account Isn't Verified!
In order to create a playlist on Sporcle, you need to verify the email address you used during registration. Go to your
Sporcle Settings
to finish the process.
Report this User
Report this user for behavior that violates our
Community Guidelines
.
Details:
Send Report
Go to the Sporcle.com Mobile Site →
Comments